00454nam a2200133Ia 4500008004100000245009100041260004900132260000900181300001000190500001300200650001600213999001900229952007200248170224s9999 xx 000 0 und d aDivide and conquer: When and why leaders undermine the cohesive fabric of their group. bJournal of Personality and Social Psychology c2014 a107:6 aDecember xPsychology. c316448d316448 001040aCLbCLd2017-02-24l0r2017-02-24 00:00:00w2017-02-24ySE